B58_東京から見て北西にある市区町村 - Statistics

General Stats
  • This quiz has been taken 11 times
  • The average score is 59 of 72
Answer Stats
東京
からの
方位角
東京
からの
距離
都道府県 種類 市区町村名 % Correct
314.7 6.6 東京都 特別区 練馬区
100%
322.6 32.3 埼玉県 川越市
100%
313.7 50.7 埼玉県 ときがわ町
100%
318.0 84.5 群馬県 藤岡市
100%
318.0 94.0 群馬県 高崎市
100%
323.4 96.3 群馬県 前橋市
100%
310.8 96.6 群馬県 富岡市
100%
313.9 101.7 群馬県 安中市
100%
311.2 139.6 群馬県 嬬恋村
100%
314.5 167.1 長野県 中野市
100%
308.4 172.2 長野県 長野市
100%
317.6 13.1 埼玉県 和光市
90%
319.2 15.2 埼玉県 朝霞市
90%
311.5 16.7 埼玉県 新座市
90%
303.9 31.7 埼玉県 狭山市
90%
309.2 47.6 埼玉県 越生町
90%
319.4 53.1 埼玉県 嵐山町
90%
315.4 56.7 埼玉県 小川町
90%
311.5 61.2 埼玉県 東秩父村
90%
325.8 67.6 埼玉県 深谷市
90%
323.0 76.5 埼玉県 本庄市
90%
326.5 82.3 群馬県 伊勢崎市
90%
321.0 125.7 群馬県 東吾妻町
90%
322.3 126.1 群馬県 中之条町
90%
315.2 133.8 群馬県 長野原町
90%
310.6 164.5 長野県 須坂市
90%
317.3 175.9 長野県 飯山市
90%
320.6 177.4 長野県 野沢温泉村
90%
303.9 186.3 長野県 小川村
90%
304.5 199.6 長野県 白馬村
90%
307.3 201.4 長野県 小谷村
90%
321.2 208.2 新潟県 上越市
90%
312.6 222.6 新潟県 糸魚川市
90%
312.2 291.9 石川県 珠洲市
90%
305.1 302.8 石川県 穴水町
90%
307.7 313.8 石川県 輪島市
90%
322.4 22.8 埼玉県 富士見市
80%
321.2 26.4 埼玉県 ふじみ野市
80%
324.7 47.4 埼玉県 東松山市
80%
315.8 65.9 埼玉県 寄居町
80%
321.0 79.8 埼玉県 上里町
80%
311.1 93.2 群馬県 甘楽町
80%
305.2 100.6 群馬県 下仁田町
80%
321.5 106.0 群馬県 榛東村
80%
325.2 175.6 長野県 栄村
80%
312.2 176.8 長野県 飯綱町
80%
319.1 196.9 新潟県 妙高市
80%
306.5 237.4 富山県 朝日町
80%
305.3 240.1 富山県 入善町
80%
308.8 290.8 石川県 能登町
80%
324.9 19.4 埼玉県 志木市
70%
313.7 38.7 埼玉県 鶴ヶ島市
70%
317.2 39.9 埼玉県 坂戸市
70%
305.9 40.6 埼玉県 日高市
70%
308.2 44.5 埼玉県 毛呂山町
70%
323.3 51.6 埼玉県 滑川町
70%
307.6 68.8 埼玉県 皆野町
70%
311.2 71.1 埼玉県 長瀞町
70%
322.1 86.1 群馬県 玉村町
70%
323.4 104.4 群馬県 吉岡町
70%
324.6 108.6 群馬県 渋川市
70%
306.4 123.4 長野県 軽井沢町
70%
316.2 143.2 群馬県 草津町
70%
312.1 167.5 長野県 小布施町
70%
318.3 173.9 長野県 木島平村
70%
313.8 46.2 埼玉県 鳩山町
60%
316.9 79.2 埼玉県 神川町
60%
315.5 164.5 長野県 山ノ内町
60%
313.0 182.6 長野県 信濃町
60%
313.0 21.9 埼玉県 三芳町
50%
318.8 71.4 埼玉県 美里町
50%
312.6 162.8 長野県 高山村
50%
No matching quizzes found
Score Distribution
Percent of People with Each Score
Percentile by Number Answered
Your Score History
You have not taken this quiz